00274nam a2200109Ia 4500008004100000100001800041245004200059250000900101260003800110300000800148650000800156191201s2008 xx 000 0 und d aGOYAL, Manish 0aComputer Based Numerical & Statistics aRep. c2008bLaxmi PublicationsaN.Delhi a588 aMCA